000
00207 a2200097 4500
001
42708
100
_a
Brilhoc
245
_a
The road to liberty
260
_a
London
_b
Peter Davies
_c
090
_c
26600
_d
26600
942
_a
NUST-CAE
_c
M
_c
18448
999
_c
277781
_d
277781